Alle Länder die über 1.000.000 km² sind. - Statistiken

Allgemein
  • Dieses Quiz wurde 171 mal gespielt
  • Das Durchschnittsergebnis liegt bei 25 aus 29
Antwortstatistiken
Tipps Atworten % Korrekt
8.515.770 km² Brasilien
100%
9.596.960 km² China
100%
17.098.242 km² Russland
100%
7.741.220 km² Australien
99%
9.984.670 km² Kanada
98%
2.780.400 km² Argentinien
97%
3.287.263 km² Indien
97%
9.525.067 km² USA
97%
1.964.375 km² Mexiko
94%
2.724.900 km² Kasachstan
90%
1.564.116 km² Mongolei
90%
2.381.740 km² Algerien
89%
1.001.450 km² Ägypten
85%
2.344.858 km² Demokratische Republik Kongo
85%
2.149.690 km² Saudi Arabien
85%
1.219.090 km² Südafrika
85%
1.964.375 km² Indonesien
84%
1.648.195 km² Iran
84%
1.861.484 km² Sudan
81%
1.267.000 km² Niger
80%
1.285.216 km² Peru
79%
1.759.540 km² Libyen
78%
1.284.000 km² Tschad
75%
1.240.192 km² Mali
74%
1.138.910 km² Kolumbien
73%
1.104.300 km² Äthiopien
65%
1.246.700 km² Angola
64%
1.030.700 km² Mauretanien
64%
1.098.581 km² Bolivien
61%
Keine übereinstimmenden Quizze gefunden
Verteilung der Resultate
Anzahl Personen mit jedem Resultat
Perzentil nach korrekt beantworteten Fragen
Ihre Resultats-Entwicklung
Sie haben dieses Quiz noch nicht gespielt